| 000 | 01063cam a2200301 i 4500 | ||
|---|---|---|---|
| 001 | 112373 | ||
| 005 | 20230410143535.0 | ||
| 008 | 130820b2007 sp a 000 0 spa | ||
| 020 | _a9788484328919 | ||
| 020 | _a8484328910 | ||
| 041 | 0 | _aspa | |
| 050 | 1 | 4 |
_aT 20 _bE23i 2007 |
| 082 | 0 | 0 | _a609.04 |
| 100 | 1 | _aEdgerton, David. | |
| 245 | 1 | 0 |
_aInnovación y tradición : _bhistoria de la tecnología moderna / _cDavid Edgerton ; traducción castellana de David León Gómez |
| 260 |
_aBarcelona : _bCrítica, _c2007. |
||
| 300 |
_a333 p. : _bil. ; _c23 cm. |
||
| 440 | 0 | _aDrakontos | |
| 504 | _aIncluye bibliografía. | ||
| 534 |
_pTitulo original : _tThe shock of the old. Technology and global history since 1900. |
||
| 650 | 4 |
_aTecnología _xHistoria _ySiglo XX. |
|
| 650 | 4 |
_aTecnología _xAspectos sociales _xHistoria _ySiglo XX. |
|
| 650 | 4 |
_aCiencia _xHistoria _ySiglo XX. |
|
| 650 | 0 |
_aTechnology _xHistory _y20th century. |
|
| 650 | 0 |
_aTechnology _xSocial aspects _xHistory _y20th century. |
|
| 700 | 1 |
_aLeón Gómez, David, _etr. |
|
| 942 |
_2lcc _cbk |
||
| 999 |
_c103549 _d103549 |
||